000 00492nam a22001695i 4500
001 48306
003 ES-MaACL
007 t|
008 950711s1885 fr ||||1| fre d
040 _aCAM
_bspa
_cCAM
110 2 _aSociété de Législation Comparée.
_96844
245 1 0 _aCatalogue de la bibliothéque /
_cdressé par Christian Daguin.
260 _aParis :
_bF. Pichon,
_c1885.
300 _aXIV, 139 p. ;
_c24 cm.
700 1 _aDaguin, Christian.
_942435
852 _aES-MaACL
_jB-3953
999 _c48306
_d48306